Report of progress of stream measurements for the calendar year 1903. Part III, Western Mississippi River and Western Gulf of Mexico drainage /

Bibliographic Details
Main Authors: Hoyt, John Clayton, 1874-1946 (Author), Newell, Frederick Haynes, 1862-1932 (Author)
Format: Government Document eBook
Language:English
Published: Washington, D.C. : United States Department of the Interior, Geological Survey, 1904.
Series:Water-supply and irrigation papers of the United States Geological Survey ; no. 99.
Subjects:
Online Access:https://purl.fdlp.gov/GPO/gpo109472

MARC

Tag First Indicator Second Indicator Subfields
LEADER 00000cam a2200000 i 4500
001 in00004011663
005 20190122121029.0
006 m o d f
007 cr n||||||||||
008 160728s1904 dcub o f001 0 eng c
019 |a 958424271 
035 |a (OCoLC)ocn954174201 
040 |a COP  |b eng  |e rda  |e pn  |c COP  |d OCLCO  |d OCLCF  |d AERDC  |d GPO  |d MvI  |d UtOrBLW 
042 |a pcc 
043 |a n-usu--  |a n-usm-- 
049 |a WWW 
074 |a 0625 (online) 
086 0 |a I 19.13:99 
100 1 |a Hoyt, John Clayton,  |d 1874-1946,  |e author.  |0 http://id.loc.gov/authorities/names/no2002055944 
245 1 0 |a Report of progress of stream measurements for the calendar year 1903.  |n Part III,  |p Western Mississippi River and Western Gulf of Mexico drainage /  |c by F.H. Newell and John Clayton Hoyt. 
264 1 |a Washington, D.C. :  |b United States Department of the Interior, Geological Survey,  |c 1904. 
264 2 |a Washington, D.C. :  |b United States Government Printing Office 
300 |a 1 online resource (422 pages, 1 page of plates) :  |b illustrations. 
336 |a text  |b txt  |2 rdacontent 
337 |a computer  |b c  |2 rdamedia 
338 |a online resource  |b cr  |2 rdacarrier 
490 1 |a Water-supply and irrigation papers of the United States Geological Survey ;  |v no. 99 
500 |a "Series P, Hydrographic progress reports, 26." 
500 |a Prepared under the direction of F. H. Newell by John C. Hoyt. 
504 |a Includes index. 
588 |a Description based on online resource, PDF version; title from title page (USGS, viewed Sept. 27, 2018). 
650 0 |a Rivers  |z United States.  |0 http://id.loc.gov/authorities/subjects/sh85114414 
650 0 |a Stream measurements  |z Gulf States. 
650 0 |a Stream measurements  |z Mississippi River. 
650 7 |a Rivers.  |2 fast  |0 (OCoLC)fst01098312 
650 7 |a Stream measurements.  |2 fast  |0 (OCoLC)fst01134581 
651 7 |a Mississippi River.  |2 fast  |0 (OCoLC)fst01240238 
651 7 |a United States.  |2 fast  |0 (OCoLC)fst01204155 
651 7 |a United States  |z Gulf States.  |2 fast  |0 (OCoLC)fst01240878 
700 1 |a Newell, Frederick Haynes,  |d 1862-1932,  |e author.  |0 http://id.loc.gov/authorities/names/n89658435 
710 2 |a Geological Survey (U.S.),  |e issuing body.  |0 http://id.loc.gov/authorities/names/n80092173 
776 0 8 |i Paper version:  |a Hoyt, John Clayton  |t Report of progress of stream measurements for the calendar year 1903  |w (OCoLC)61930523 
830 0 |a Water-supply and irrigation papers of the United States Geological Survey ;  |v no. 99.  |0 http://id.loc.gov/authorities/names/no2010005675 
856 4 0 |u https://purl.fdlp.gov/GPO/gpo109472  |t 0 
999 f f |s 19c219fa-667f-3e23-954a-7f2064bf51ad  |i afcf74ea-3dbc-392f-8792-d117b0345c98  |t 0 
952 f f |a Texas A&M University  |b College Station  |c Electronic Resources  |d Available Online  |t 0  |e I 19.13:99  |h Superintendent of Documents classification 
998 f f |a I 19.13:99  |t 0  |l Available Online